ARRUPE JESUIT UNIVERSITY

CORONAVIRUS -STOP THE SPREAD - CLEAN,DISINFECT,COVER

Language, meaning, and maturity; (Record no. 53213)

MARC details
000 -LEADER
fixed length control field 00786cam a22002291 4500
001 - CONTROL NUMBER
control field 2164700
003 - CONTROL NUMBER IDENTIFIER
control field ARRUPE
005 - DATE AND TIME OF LATEST TRANSACTION
control field 20170731084751.0
008 - FIXED-LENGTH DATA ELEMENTS--GENERAL INFORMATION
fixed length control field 730821r1954 nyu 000 0 eng
010 ## - LIBRARY OF CONGRESS CONTROL NUMBER
LC control number 53011841
040 ## - CATALOGING SOURCE
Original cataloging agency DLC
Transcribing agency DLC
Modifying agency DLC
050 00 - LIBRARY OF CONGRESS CALL NUMBER
Classification number B820
Item number .E8
082 00 - DEWEY DECIMAL CLASSIFICATION NUMBER
Classification number 149.9
300 ## - PHYSICAL DESCRIPTION
Dimensions 22 cm.
130 0# - MAIN ENTRY--UNIFORM TITLE
Uniform title Etc., a review of general semantics.
9 (RLIN) 33914
245 10 - TITLE STATEMENT
Title Language, meaning, and maturity;
Remainder of title selections from Etc., a review of general semantics, 1943-1953,
Statement of responsibility, etc edited by S. I. Hayakawa.
250 ## - EDITION STATEMENT
Edition statement [1st ed.]
260 ## - PUBLICATION, DISTRIBUTION, ETC. (IMPRINT)
Place of publication, distribution, etc New York,
Name of publisher, distributor, etc Harper
Date of publication, distribution, etc [1954]
300 ## - PHYSICAL DESCRIPTION
Extent 364 p.
650 #0 - SUBJECT ADDED ENTRY--TOPICAL TERM
Topical term or geographic name as entry element General semantics.
9 (RLIN) 33915
700 1# - ADDED ENTRY--PERSONAL NAME
Personal name Hayakawa, S. I.
Fuller form of name (Samuel IchiyƩ),
Dates associated with a name 1906-1992,
Relator term ed.
9 (RLIN) 33916
906 ## - LOCAL DATA ELEMENT F, LDF (RLIN)
a 7
b cbc
c orignew
d u
e ocip
f 19
g y-gencatlg
942 ## - ADDED ENTRY ELEMENTS (KOHA)
Source of classification or shelving scheme Library of Congress Classification
Koha item type Monograph ( Printed materials)
Holdings
Withdrawn status Lost status Source of classification or shelving scheme Damaged status Not for loan Collection code Home library Current library Shelving location Date acquired Total Checkouts Full call number Barcode Date last seen Date checked out Copy number Price effective from Koha item type
    Library of Congress Classification     Main Collection ARRUPE LIBRARY ARRUPE LIBRARY   04/03/2013 1 B820.E8 1954 46003007758 25/11/2013 15/11/2013 1 04/03/2013 Monograph ( Printed materials)

 

Arrupe Library. PO Box MP320 Mt Pleasant, Harare, Zimbabwe
263 242 745411|librarian@aju.ac.zw